| 000 -ლიდერი |
| ფიქსირებული სიგრძის საკონტროლო ველი |
01670nam a22002537a 4500 |
| 003 - საკონტროლო ნომრის იდენტიფიკატორი |
| საკონტროლო ველი |
Ge_BSU |
| 005 - ბოლო ოპერაციის თარიღი და დრო |
| საკონტროლო ველი |
20191119142013.0 |
| 008 - ფიქსირებული სიგრძის მონაცემთა ელემენტები - ზოგადი ინფორმაცია |
| ფიქსირებული სიგრძის საკონტროლო ველი |
191119s2014 ||||| |||| 00| 0 geo d |
| 020 ## - წიგნის საერთაშორისო სტანდარტული ნომერი |
| International Standard Book Number |
9789994094653 |
| 041 ## - ენის კოდი |
| Language code of text/sound track or separate title |
geo |
| 080 ## - უნივერსალური ათობითი კლასიფიკაციის ინდექსი |
| Universal Decimal Classification number |
340.12(075.8) ლ-76 |
| 100 ## - მთავარი ჩანაწერი - პიროვნების სახელი |
| Personal name |
ლობჟანიძე, გივი. |
| 9 (RLIN) |
4775 |
| 245 ## - ცნობა სათაურის შესახებ |
| Title |
სამართლის ფილოსოფია : |
| Remainder of title |
[სახელმძღვანელო]. წ. 2 / |
| Statement of responsibility, etc |
გივი ლობჟანიძე ; რედ : რომან შენგელია ; არსენ ბურჯალიანი. |
| 264 ## - წარმოების, გამოცემის, დისტრიბუციის და სხვა ცნობები |
| გამოცემის, წარმოების, დისტრიბუციის... ადგილი |
თბილისი : |
| გამოცემის, წარმოების, დისტრიბუციის... სახელწოდება |
ბარტონი, |
| გამოცემის, წარმოების, დისტრიბუციის... თარიღი |
2014. |
| 300 ## - ფიზიკური აღწერა |
| Extent |
368 გვ.: |
| Dimensions |
22 სმ. |
| 500 ## - ზოგადი შენიშვნა |
| General note |
გარეკანზე: არჩილ ჯორჯაძე და თვითნასწავლი ვეტექიმი ილია სვიმონის ძე ლობჟანიძე |
| 504 ## - BIBLIOGRAPHY, ETC. NOTE |
| Bibliography, etc |
ბიბლიოგრაფ.გვ: გვ. 350-362 |
| 653 ## - INDEX TERM--UNCONTROLLED |
| Uncontrolled term |
სამართალი |
| 653 ## - INDEX TERM--UNCONTROLLED |
| Uncontrolled term |
The Law Philosophy. ENG |
| 700 ## - ADDED ENTRY--PERSONAL NAME |
| Personal name |
შენგელია, რომან |
| Relator term |
რედაქტორი |
| 9 (RLIN) |
909 |
| 700 ## - ADDED ENTRY--PERSONAL NAME |
| Personal name |
ბურჯალიანი, არსენ |
| Relator term |
რედაქტორი |
| 9 (RLIN) |
5432 |
| 710 ## - ADDED ENTRY--CORPORATE NAME |
| Relator term |
წიგნი გამოცემულია გურამ თავართქილაძის სასწ. უნ-ტის და საქ. ტექნ. უნ-ტის აკად. საბჭოების გადაწყვეტილებით და ფინანსური მხარდაჭერით. |
| 9 (RLIN) |
5434 |
| 942 ## - ADDED ENTRY ELEMENTS (KOHA) |
| Source of classification or shelving scheme |
|
| Koha item type |
წიგნი |